000 00341nam a2200145Ia 4500
008 191201s2009 xx 000 0 und d
082 _a658.4
_bPAE
100 _aPARKINSON,C. Northcote
245 0 _aExcellence in Management
250 _aRep
260 _aN. Delhi
_bVision Book
_c2009
300 _a160
650 _aBBA
942 _2ddc
_cBK
999 _c4485
_d4485